000 00664nam a22002057a 4500
003 OSt
005 20150905100746.0
008 130212t xxu||||| |||| 00| 0 eng d
020 _a9715844383
050 _aQR 65
_b.L477 2006
100 _aLee-Castro, Maria Bernadette C.
245 _a Laboratory manual in microbiology and parasitology for nursing students /
_cMaria Bernadette C. Lee-Castro.
260 _aQuezon City :
_bC & E Publishing, Inc.,
_c2006.
300 _a89 pages :
_billustrations ;
_c 26 cm.
500 _aIncludes bibliographical references.
562 _e1
650 _aMicrobiology
_xManual.
942 _2lcc
_cBK
_kLOC
999 _c284594
_d284594